[Event "Lovfalds EMT 19th E"]
[Site "Ringsted"]
[Date "2005.09.17"]
[Round "2"]
[White "Jensen, Tom"]
[Black "Kjaer, Morten"]
[Result "0-1"]
[WhiteElo "1074"]
[BlackElo "1202"]
[PlyCount "70"]
[EventDate "2005.09.16"]
[EventType "tourn"]
[EventRounds "5"]
[EventCountry "DEN"]
[SourceTitle "EXT 2023"]
[Source "ChessBase"]
[SourceDate "2022.10.05"]
[SourceVersion "1"]
[SourceVersionDate "2022.10.05"]
[SourceQuality "1"]

1. e4 d5 2. f3 e6 3. d4 c5 4. Ne2 Nc6 5. Nbc3 b6 6. Be3 e5 7. exd5 Nxd4 8. Ng3 Nf6 9. Bf2 Nxd5 10. Nxd5 Qxd5 11. c3 Nxf3+ 12. Qxf3 Qxf3 13. gxf3 Bb7 14. Bb5+ Ke7 15. Be2 g6 16. 0-0-0 Bh6+ 17. Kb1 f5 18. Rhe1 Kf6 19. Nf1 e4 20. fxe4 Bxe4+ 21. Ka1 g5 22. Ng3 Rae8 23. Nxe4+ Rxe4 24. b4 Rhe8 25. Rd6+ Kg7 26. Rd7+ Kh8 27. Rd2 cxb4 28. Bd4+ Bg7 29. Bxg7+ Kxg7 30. cxb4 f4 31. Kb1 f3 32. Rd7+ R8e7 33. Rxe7+ Rxe7 34. Kc1 f2 35. Kd1 Rd7+ 0-1